| 000 | 00713nam a22002055i 4500 | ||
|---|---|---|---|
| 001 | 165993 | ||
| 003 | ES-MaACL | ||
| 005 | 20251015063149.0 | ||
| 008 | 990421s1864 fr |||| | fre d | ||
| 040 |
_aCCPB | B _bspa _cCCPB | B |
||
| 100 | 1 |
_aTaine, Hippolyte, _d1828-1893 _9109085 |
|
| 245 | 1 | 3 |
_aLe positivisme anglais _b: étude sur Stuart Mill / _cpar H. Taine. |
| 260 |
_aParis [etc.] : _bGermer Baillière [etc.], _c1864 ( _fImprimerie de E. Martinet) |
||
| 300 |
_aVIII, 157 p. ; _c18 cm. |
||
| 597 | _aAntep. | ||
| 600 | 1 | 4 |
_aMill, John Stuart, _d1806-1873 _981119 |
| 650 | 0 | 7 |
_aPositivismo _2embne _916324 |
| 852 |
_aES-MaACL _jF-11766 _z-- Enc. pasta española |
||
| 999 |
_c165993 _d165993 |
||